| 000 | 00000nam##2200000za#4500 |
| 001 | 9.609447 |
| 003 | CaOODSP |
| 005 | 20200327113901 |
| 007 | ta |
| 008 | 150406|1991||||xxc||||| f|0| 0 eng|d |
| 022 | |a0706-6457 |
| 040 | |aCaOODSP|beng |
| 043 | |an-cn--- |
| 086 | 1 |aFs97-6/1819E |
| 110 | 1 |aCanada. |bDepartment of Fisheries and Oceans. |
| 245 | 12|aA bibliography on underwater telemetry, 1956-1990 / |cby E. Baras. |
| 260 | |aOttawa - Ontario : |bFisheries and Oceans Canada |c1991. |
| 300 | |a55p. ; |c28 cm. |
| 490 | 1 |aCanadian technical report of fisheries and aquatic sciences|x0706-6457|v1819 |
| 500 | |aPrepared in the Department of Fisheries and Oceans, Communications Directorate, Ottawa K1A 0E6. |
| 546 | |aRésumés en français |
| 563 | |aSoftcover |
| 720 | 1 |aBaras, E. |
| 776 | 0#|tA bibliography on underwater telemetry, 1956-1990 / |w(CaOODSP)9.573809 |
| 830 | #0|aCanadian technical report of fisheries and aquatic sciences,|x0706-6457|v1819|w(CaOODSP)9.514691 |